| 000 | 00551nam a22002057a 4500 | ||
|---|---|---|---|
| 003 | koha_MIRAKIL | ||
| 005 | 20231213100050.0 | ||
| 008 | 231213b |||||||| |||| 00| 0 ||| d | ||
| 020 | _b0-329-13345-4 | ||
| 040 |
_aTR-IsEVY _btur _cTR-IsEVY |
||
| 082 | _a420 DİS/U | ||
| 100 | _aDiSalvo-Ryan, DyAnne. | ||
| 245 | 0 | _aUncle Willie and the soup kitchen | |
| 250 | _a1st Mulberry ed. | ||
| 260 |
_bMulberry Books, _c1997 |
||
| 300 | _a[32] p. | ||
| 650 | _aFood relief -- Fiction. | ||
| 650 | _aHomeless persons -- Fiction. | ||
| 942 |
_2ddc _cBK |
||
| 999 |
_c13947 _d13947 |
||